书目信息 |
| 题名: |
东南亚近现代史
|
|
| 作者: | 梁英明 , 梁志明 著 | |
| 分册: | 上 | |
| 出版信息: | 北京 昆仑出版社 2005 |
|
| 页数: | 448页 | |
| 开本: | 21cm | |
| 丛书名: | 东方文化集成丛书 | |
| 单 册: | ||
| 中图分类: | K33 | |
| 科图分类: | ||
| 主题词: | 东南亚--现代史 , 东南亚--近代史 | |
| 电子资源: | ||
| ISBN: | 7-80040-794-2 | |
| 000 | 01341nam0 2200349 450 | |
| 000 | 01304nam0 2200337 450 | |
| 000 | 01279nam0 2200337 450 | |
| 000 | 01225nam0 2200313 450 | |
| 000 | 01210nam0 2200301 450 | |
| 000 | 01173nam0 2200289 45 | |
| 001 | TSC-149955 | |
| 005 | 20061216143824.96 | |
| 010 | @a7-80040-794-2@dCNY44.00 | |
| 100 | @a20060829d2005 ekmy0chiy0120 ea | |
| 101 | 0 | @achi@aeng |
| 102 | @aCN@b110000 | |
| 105 | @ay z 000yy | |
| 200 | 1 | @a东南亚近现代史@ADong Nan Ya Jin Xian Dai Shi ( Shang Xia )@h上@HShang@f梁英明,梁志明著@FLiang Ying Ming, Liang Zhi Ming Zhu |
| 210 | @a北京@c昆仑出版社@d2005 | |
| 215 | @a448页@d21cm | |
| 225 | 2 | @a东方文化集成丛书 |
| 330 | @a本书共分上下两编,论述范围为1511年葡萄牙侵占马六甲至2004年底。上编论述了西方殖民者入侵及东南亚各国殖民地化的进程,以及各国人民反抗殖民统治的斗争史。下编论述了战后东南亚殖民地的独立与民族国家的形成,以及各国经济、政治和社会的变化发展。 | |
| 410 | 0 | @12001 @a东方文化集成丛书 |
| 606 | 0 | @a东南亚@x现代史 |
| 606 | 0 | @a东南亚@x近代史 |
| 690 | @aK33@v4 | |
| 701 | 0 | @a梁英明@ALiang Ying Ming@4著 |
| 701 | 0 | @a梁志明@ALiang Zhi Ming@4著 |
| 801 | 0 | @aCN@b中图数据@c20061216 |
| 905 | @a10447@dK33@e6:1 | |
| 东南亚近现代史.上/梁英明,梁志明著.-北京:昆仑出版社,2005 |
| 448页;21cm.-(东方文化集成丛书) |
| ISBN 7-80040-794-2:CNY44.00 |
| 本书共分上下两编,论述范围为1511年葡萄牙侵占马六甲至2004年底。上编论述了西方殖民者入侵及东南亚各国殖民地化的进程,以及各国人民反抗殖民统治的斗争史。下编论述了战后东南亚殖民地的独立与民族国家的形成,以及各国经济、政治和社会的变化发展。 |
| ● |
| 相关链接 |
|
|
|
|
正题名:东南亚近现代史
索取号:K33/6:1
 
预约/预借
| 序号 | 登录号 | 条形码 | 馆藏地/架位号 | 状态 | 备注 |
| 1 | 0608195 | 206081951 | 第二样本阅览室/ [索取号:K33/6:1] | 在馆 | |
| 2 | 0608196 | 206081960 | 第二借阅区/ [索取号:K33/6:1] | 在馆 |